000 00597nam a2200229Ia 4500
003 OSt
005 20220918215111.0
006 a|||||r|||| 00| 0
007 ta
008 220917b |||||||| |||| 00| 0 eng d
024 _a140,045
037 _cTextual
040 _aARTS
_cARTS
_beng
041 _2eng
_aeng
082 _aY1:1.541CB, K6
100 _aLison C
_9133237
245 0 _aBelmonte de los Cabaleros
_b A sociological study of a Spanish Town
260 _c1966
650 _aSOCIOLOGY
942 _hY1:1.541CB, K6
_cTEXL
_2CC
999 _c263031
_d263031